000 00831nam a2200205Ii 4500
003 JO-AjNU
008 230605s9999||||xx |||||||||||||| ||und||
040 _aJO-AjNU
_bara
_erda
_cJO-AjNU
041 _aara
050 1 4 _aDS96.B3 1973
100 3 _aباشميل، محمد أحمد,
_eauthor
_957187
245 0 0 _aالعرب في الشام : دراسة وتحليل لتاريخ خمسة اجيال عربية حكمت واستوطنت الشام لمدة اكثر من عشرة الآف سنة قبل الإسلام
250 _aط1
264 3 1 _aد.م: دار الفكر، 1973
300 _a230ص
336 _atext
_btxt
_2rdacontent
337 _aunmediated
_bn
_2rdamedia
338 _avolume
_bnc
_2rdacarrier
650 4 _aالبلاد العربية- تاريخ- العصر الجاهلي- بلاد الشام
_957188
999 _aA25611
_c29179
_d29179